| 000 | 02080nam0a2200337 4500 | ||
|---|---|---|---|
| 001 | RU\NLR\bibl\1095990 | ||
| 005 | 20260405151230.0 | ||
| 010 |
_a5-91308-005-X _9500 |
||
| 021 |
_aRU _b2007-28414 _91512 |
||
| 035 | _a(NLR Aleph) 001083105 | ||
| 090 |
_a1071006 _c1071006 |
||
| 100 | _a20070608d2006 |||y0rusy50 ca | ||
| 101 | 0 |
_arus _alat _glat |
|
| 102 | _aRU | ||
| 105 | _aac ||||||||| | ||
| 200 | 1 |
_aНет медицины без латинского языка _dNon est medicina sine lingua latina _eучебно-методическое пособие для внеаудиторной работы по дисциплине "Латинский язык и основы медицинской терминологии" _fЛ.М. Тихонова _gМ-во образования и науки Рос. Федерации, Гос. образоват. учреждение высш. проф. образования "Ульян. гос. ун-т", Ин-т медицины, экологии и физ. культуры |
|
| 210 |
_aУльяновск _cВектор-С _d2006 |
||
| 215 |
_a163, [1] c. _cил., портр. _d20 |
||
| 320 | _aСписок публикаций работ Тихоновой Л.М.: с. 159-160 | ||
| 510 | 1 |
_6z45790 _aNon est medicina sine lingua latina _zrus |
|
| 606 | 1 |
_aМедицина _jУчебно-методические пособия _xТерминология _9932848 _3RU\NLR\auth\6625241 |
|
| 606 | 1 |
_aЛатинский язык _jУчебно-методические пособия для высших учебных заведений _xТерминология медицинская _91433942 _3RU\NLR\auth\66606228 |
|
| 686 | _aР.в3я7 | ||
| 686 | _aШ146-34 | ||
| 700 | 1 |
_4070 _8rus _7ca _aТихонова _bЛ. М. _cпедагог _gЛилия Михайловна _3RU\NLR\auth\7753633 _936565 |
|
| 790 | 1 |
_4070 _8rus _7ba _aTichonova _bL. M. _cпедагог _gLilija Michajlovna _3RU\NLR\auth\7762456 _945386 |
|
| 801 | 0 |
_aRU _bNLR _c20070608 _gRCR |
|
| 801 | 1 |
_aRU _bNLR _c20070608 |
|
| 942 | _cBOOK | ||
| 980 | _aNB | ||